000 00933cab a2200229 4500
001 ABS59861
008 090401t1998 xxu||||| |||| 00| 0 eng d
035 _a(Sirsi) u90404
041 _aeng
100 _aMerriman, B.
245 _aFarm slurry - an asset not a waste
260 _c1998
350 _a0
490 _aWastes Management
_vDecember 1998, 26-27(2)
520 _aOutlines the main reasons for trends in reported farm pollution incidents in England and Wales. Identifies farm slurry as a potential source of nutrients as opposed to a waste product which could be used for the benefit of agriculture. To this end the Environment Agency is working to turn farm waste management plans into farm nutrient management plans.
650 _aFARM SLURRY
650 _aFARM WASTE
650 _aSILAGE SLURRY AND AGRICULTURAL FUEL OIL REGULATIONS 1991
690 _aRURAL PRACTICE
942 _n0
948 _c21/12/1998
999 _c57314
_d57314